Aniversario de la fundación de la Cámara de Compensación Centroamericana
Guardado en:
| Institution som forfatter: | |
|---|---|
| Format: | Texto |
| Udgivet: |
Tegucigalpa:
Consejo Monetario Centroamericano,
Secretaría Ejecutiva
|
| Tags: |
Tilføj Tag
Ingen Tags, Vær først til at tagge denne postø!
|
MARC
| LEADER | 00000 a a2200000 04500 | ||
|---|---|---|---|
| 001 | 24596 | ||
| 003 | |||
| 040 | |||
| 090 | |a 169500 | ||
| 110 | |a Consejo Monetario Centroamericano | ||
| 245 | |a Aniversario de la fundación de la Cámara de Compensación Centroamericana | ||
| 260 | |a Tegucigalpa: |b Consejo Monetario Centroamericano, |c Secretaría Ejecutiva | ||
| 300 | |a 63 p. |b **no definido** |b il. |b fonodiscos | ||
| 999 | |c 1496 |d 1496 | ||
